000
00252nam a2200097Ia 4500
008
220204s9999 xx 000 0 und d
082
_a
NR:063IR 1970
_b
IRM
245
0
_a
Ninth Rubber conference, Cochin, 1977
260
_a
Cochin
_b
IRMRA
_c
1977
942
_c
BK
999
_c
43332
_d
43332